Grundprobleme der Antiken Philosophie

Guardat en:
Dades bibliogràfiques
Autor principal: Gigon, Olof (autor)
Format: Llibre
Idioma:alemany
Publicat: Berlín Francke Bern und München 1959
Col·lecció:Sammlung Dalp, 66
Matèries:
Etiquetes: Afegir etiqueta
Sense etiquetes, Sigues el primer a etiquetar aquest registre!

MARC

LEADER 00000nam a2200000 a 4500
001 UCY5868
003 CL-VaPUC
008 950512e19590000GW |||||||||||||||||ger|d
082 0 4 |a 180  |b GIG  |2 21 
100 |a Gigon, Olof  |e autor  |9 358140 
245 1 0 |a Grundprobleme der Antiken Philosophie 
300 |a 336 p 
942 |c BK 
945 |d 19950512 00:00:00  |a oaravena 
260 |a Berlín  |b Francke Bern und München  |c 1959 
650 0 |a Filosofía antigua   |9 255705 
650 0 |a Historia  |9 255047 
650 0 |a Filosofía del espíritu  |9 320175 
650 0 |a Filosofía cultural  |9 312300 
650 0 |a Metafísica  |9 265649 
651 0 |a Grecia  |9 265314 
583 |a last modification  |c 19950512 00:00:00  |k Rodrigo Vera 
490 0 |a Sammlung Dalp, 66 
999 |c 233474  |d 233472 
952 |0 0  |1 0  |4 0  |6 180_000000000000000_GIG_1959  |7 0  |8 P  |9 239028  |a BIBEDU  |b BIBEDU  |c BIBEDU_PB  |d 2019-11-18  |i 1501348  |o 180 GIG 1959  |p 1501348  |r 2024-01-25  |w 2019-11-18  |y BK  |k FIL